Polak czy Niemiec? - klikanie - Statystyki

Ogólne statystyki
  • Ten quiz został rozwiązany 69 razy
  • Średni wynik to 16 z 20
Statystyki odpowiedzi
Hint Odpowiedź % Poprawnych
Namalował ,,Bitwę pod Grunwaldem" Polak
94%
Wynalazł samochód Niemiec
92%
Samowolnie udał się do obozu Auschwitz-Birkenau, po wojnie stracony przez komunistów Polak
92%
Napisał ,,Potop" i ,,Ogniem i mieczem" Polak
92%
Mówi w języku słowiańskim Polak
92%
W swoim państwie może zostać kanclerzem Niemiec
91%
W swoim państwie może jeździć metrem w więcej niż 1 mieście Niemiec
89%
Niegdyś elektryk w stoczni, później prezydent, człowiek-symbol upadku komunizmu Polak
89%
Jest uznawany za ojca marksizmu Niemiec
87%
Odnotowano u niego rekordowe 14,4 promila alkoholu we krwi Polak
85%
Wynalazł lampę naftową Polak
83%
Twórca i popularyzator teorii heliocentrycznej Polak
79%
Wynalazł druk Niemiec
77%
Wynalazł kamizelkę kuloodporną Polak
75%
Napisał ,,Cierpienia młodego Wertera" Niemiec
74%
Spopularyzował określenie ,,Nadczłowiek" Niemiec
74%
Stworzył teorię względności Niemiec
72%
Twórca języka esperanto Polak
72%
Skomponował Sonatę Księżycową i Odę do Radości Niemiec
62%
W 2005 roku został wybrany na papieża Niemiec
47%
Nie znaleziono quizów pasujących do podanych kryteriów
Rozkład punktacji
Procent ludzi z każdym wynikiem
Percentyl według liczby udzielonych odpowiedzi
Twoja historia wyników
Nie rozwiązałeś tego quizu